COBRA KAI POLSKA - Statystyki

Ogólne statystyki
  • Ten quiz został rozwiązany 642 razy
  • Średni wynik to 9 z 20
Statystyki odpowiedzi
PYTANIA Odpowiedzi % Poprawnych
Kto wygrał w turnieju All valey w 1 sezonie? Miguel
99%
Ile sezonów ma cobra kai? 5
69%
Ile synów ma Larusso? 2
67%
Jaki był pierwszy kolor irokeza jastrzębia? Niebieski
66%
Jaki był znak miłości Sam i Miguela? Ośmiornica
65%
Kto wygrał All Valey w kategorii kobiet? Tory
52%
W którym roku powstało cobra kai? 2018
48%
Kto zepchnął miguela z schodów w szkole? Roby
45%
Kto był najlepszym kumplem Eli Moskowitz Demetri
43%
Z jakiego kraju pochodzi Miguel? Ekwador
43%
Kto był wyśmiewany w szkole od grubej Aisha
41%
Kto był w ciąży w 5 sezonie? Carmen
39%
Kogo dziewczyną była Sam? Miguela
39%
Kto stworzył cobra kai Kreese
37%
Kto był najlepszym kumplem Silvera w młodości Kreese
37%
Kogo pokonał kenny w pojedynku cobra kai vs myiagi do Jastrzębia
26%
Kto był w parze z tori w trakcie treningu w cobra kai Devon
16%
Jak nazywał się umierający kumpel Johnego Tommy
15%
Kto prześladował Daniela w młodości? Mike Barnes
13%
Kto był najlepszym kumplem Sting Reja? Berd
11%
Nie znaleziono quizów pasujących do podanych kryteriów
Rozkład punktacji
Procent ludzi z każdym wynikiem
Percentyl według liczby udzielonych odpowiedzi
Twoja historia wyników
Nie rozwiązałeś tego quizu